000 01597cam a2200337 a 4500
001 000014498
005 20200929163848.0
008 970911s1996 ck 000 0 spa
010 _a97193766
020 _a9589329047 (obra completa)
020 _a958932911X (t. [2])
035 _a(OCoLC)37468954
040 _aDO-SdBNP
_cspa
_dBNPHU
042 _alccopycat
043 _as-ck---
050 0 0 _aF2279
_b.E89 1996
245 0 0 _aEstrategias y experiencias para la construcción de la paz :
_bmemorias : Primer Encuentro Interuniversitario /
_corganizado por el Programa de la Universidad de los Andes para la Paz, ANPAZ, entre el 24 y el 26 de mayo de 1995, en Santafé de Bogota, Colombia.
260 _a[Santafé de Bogota] :
_bUniversidad de los Andes, Departamento de Historia, ANPAZ,
_c1996.
300 _a302 p. ;
_c24 cm.
500 _aErrata deslizamiento inserta en cada volumen.
504 _aIncluye referencias bibliográficas y notas al pie de las páginas
651 0 _aColombia
_xPolitics And Government
_y20th century
_xCongresses.
_932739
650 0 _aPeace
_xCongresses.
_932740
650 0 _aPeace
_xCitizen participation
_xCongresses.
_932741
650 0 _aChurch and social problems
_zColombia
_xCatholic church.
_932742
700 1 _aBermúdez Q., Suzy.
_cEd.
_932743
710 2 _aUniversidad de los Andes (Bogotá, Colombia).
_bPrograma para la Paz.
_932744
711 2 _aEncuentro Interuniversitario: Estrategias y Experiencias para la Construcción de la Paz
_n(1st :
_d1995 :
_cBogotá, Colombia)
_932745
910 _aCatalogación por copia / LC
049 _aBNG
999 _c14087
_d14087